Metodika k realizaci výcviku pedagogických pracovníků základních a středních škol a dětských domovů v prevenci HIV/AIDS a rizikového sexuálního chování /

Korporativní autor: Česká společnost AIDS pomoc
Další autoři: Mach, Petr, 1985-
Jazyk: Čeština
Vydáno: Praha : Vydalo pro Českou společnost AIDS pomoc vydavatelství Centrum pro komunitní práci, 2014
Vydání: 2. vyd.
Témata:
Fyzický popis: 44 s. ; 15 cm
Knihy
Uloženo v:
LEADER 02472nam a2200649 a 4500
001 nkc20152652342
003 CZ PrNK
005 20211206150801.0
007 ta
008 150105s2014 xr f f 000 0 cze
015 |a cnb002652342 
020 |a 978-80-87809-09-9  |q (Centrum pro komunitní práci ;  |q brož.)  |z 978-80-87-809-09-09 
035 |a (OCoLC)962340077 
040 |a BOA001  |b cze  |d ABA001 
072 7 |a 37  |x Výchova a vzdělávání  |2 Konspekt  |9 22 
080 |a 578.828  |2 MRF 
080 |a [616.98:578.828]-052  |2 MRF 
080 |a 616.98:578.828  |2 MRF 
080 |a 613.88  |2 MRF 
080 |a 316.624  |2 MRF 
080 |a 616-084  |2 MRF 
080 |a 37.03:364-212  |2 MRF 
080 |a 37.0  |2 MRF 
080 |a (072)  |2 MRF 
245 0 0 |a Metodika k realizaci výcviku pedagogických pracovníků základních a středních škol a dětských domovů v prevenci HIV/AIDS a rizikového sexuálního chování /  |c autoři Petr Mach ... [et al.] 
250 |a 2. vyd. 
260 |a Praha :  |b Vydalo pro Českou společnost AIDS pomoc vydavatelství Centrum pro komunitní práci,  |c 2014 
300 |a 44 s. ;  |c 15 cm 
504 |a Obsahuje bibliografii 
650 0 7 |a virus HIV  |7 ph116577  |2 czenas 
650 0 7 |a HIV pozitivní  |7 ph117590  |2 czenas 
650 0 7 |a AIDS  |7 ph117300  |2 czenas 
650 0 7 |a nemocní AIDS  |7 ph117301  |2 czenas 
650 0 7 |a sexuální chování  |7 ph125500  |2 czenas 
650 0 7 |a rizikové chování  |7 ph126809  |2 czenas 
650 0 7 |a prevence onemocnění  |7 ph137258  |2 czenas 
650 0 7 |a prevence (sociální problémy)  |7 ph138923  |2 czenas 
650 0 7 |a výchova a vzdělávání  |7 ph127419  |2 czenas 
650 0 9 |a HIV virus  |2 eczenas 
650 0 9 |a HIV-positive persons  |2 eczenas 
650 0 9 |a AIDS (disease)  |2 eczenas 
650 0 9 |a AIDS patients  |2 eczenas 
650 0 9 |a sexual behavior  |2 eczenas 
650 0 9 |a risk behavior  |2 eczenas 
650 0 9 |a prevention of diseases  |2 eczenas 
650 0 9 |a prevention (social problems)  |2 eczenas 
650 0 9 |a education  |2 eczenas 
655 7 |a metodické příručky  |7 fd132826  |2 czenas 
655 9 |a methodological manuals  |2 eczenas 
700 1 |a Mach, Petr,  |d 1985-  |7 mzk2015864957  |4 aut 
710 2 |a Česká společnost AIDS pomoc  |7 kn20030821001 
910 2 |a BOA001  |b S-1344.582 
928 9 |a Centrum pro komunitní práci 
990 |a BK 
995 |a 01 
991 |b 201504  |c NOV  |e n 
996 6 |b 2610629766  |c S-1344.582  |l MZK  |r Sklad / do 24 hodin  |n 2  |p p.v.  |w 001501326  |u 000010  |a 1  |e BOA001  |j MZK50  |s P